Statistics for Countries in the Western Hemisphere

Click here to take the quiz!

General Stats

  • This quiz has been taken 39 times
  • The average score is 55 of 63

Answer Stats

Answer% Correct
Portugal
100%
Spain
100%
United Kingdom
100%
Bahamas
97%
Canada
97%
Dominica
97%
Dominican Republic
97%
Ireland
97%
Mexico
97%
Panama
97%
Peru
97%
Bolivia
94%
Brazil
94%
Chile
94%
Cuba
94%
El Salvador
94%
France
94%
Haiti
94%
Jamaica
94%
United States
94%
Uruguay
94%
Venezuela
94%
Argentina
91%
Barbados
91%
Colombia
91%
Ecuador
91%
Guatemala
91%
Guyana
91%
Morocco
91%
Nicaragua
91%
Paraguay
91%
Saint Kitts and Nevis
91%
St Lucia
88%
St Vincent and the Grenadines
88%
Algeria
85%
Belize
85%
Costa Rica
85%
Gambia
85%
Guinea
85%
Honduras
85%
Iceland
85%
Ivory Coast
85%
Mali
85%
Suriname
85%
Trinidad and Tobago
85%
Antigua and Barbuda
82%
Cape Verde
82%
Ghana
79%
Guinea Bissau
79%
Mauritania
79%
Senegal
79%
Burkina Faso
76%
Grenada
76%
Samoa
76%
Sierra Leone
76%
Togo
76%
Tonga
76%
Fiji
73%
Norway
73%
Russia
73%
Liberia
70%
Kiribati
67%
New Zealand
58%

Score Distribution

Percentile by Number Answered

Percent of People with Each Score

Your Score History

You have not taken this quiz